000 00712nam a22001695i 4500
001 168001
003 ES-MaACL
005 20230906213643.0
008 981002s1834 fr |||| | fre d
040 _aAS
_bspa
_cCCPB | 3D
100 1 _aWood, Nicholas.
_9133963
245 1 0 _aTraité pratique des chemins de fer /
_ctraduit de l'ouvrage anglais, deuxième edition, de Nich. Wood ... par F. de Montricher et E. de Franqueville, et H. de Ruolz.
260 _aParis :
_bCarilian-Goeury,
_c1834 (
_fImprimerie et Fonderie de Fain)
300 _aXII, 300 p. ;
_c26 cm.
650 4 _aFerrocarriles-
_zCastilla-La Mancha.
_9158115
852 _aES-MaACL
_jG-10384-85
_z-- Enc. hol.
_x-- Edic.: Son 2 v. , texto y atlas
999 _c168001
_d168001